00365nam a22001337a 450000500170000000800410001704100120005808200130007010000130008324500400009626000380013630000320017465000250020620240829094744.0240829b |||||||| |||| 00| 0 eng d aEnglish a349 LAW  lEnglish  aThe Laws of South West Africa 1936  aWindhoek: bBy Authority, c1936  bxxxix, 333 pages; c25 cm.  aLegal practice bLaw